| 000 | nam a22 7a 4500 | ||
|---|---|---|---|
| 999 |
_c128932 _d128932 |
||
| 008 | 190207b xxu||||| |||| 00| 0 eng d | ||
| 050 | _aPR6025.A86 A15 | ||
| 245 |
_aThe selected novels v.3 _bchristmas holiday, up at the villa and the razor's edge |
||
| 260 |
_aMelbourne _bWilliam heinemann Ltd. _c1953 |
||
| 300 |
_axii, 285p. ; _c20cm. |
||
| 942 |
_2lcc _cMONOGRAPH |
||